Responses for Show #4990 - Friday, April 28, 2006

Contestants

[<< previous game]

Lisa Izes, a rabbi from New York, New York

Fred Schultz, a database programmer from Albuquerque, New Mexico

Don Minyard, a forensic accountant from Hoover, Alabama (whose 1-day cash winnings total $15,300)

[next game >>]

Jeopardy! Round responses

1980s TV
WHO'S THE BOSS
THIRTYSOMETHING
GROWING PAINS
SAINT ELSEWHERE
THE "FAC"s OF LIFE
    $200 2
Dynasty

Lisa
    $200 23
("Boss") Tweed

Fred
    $200 20
35

Fred
    $200 9
varicose veins (spider veins accepted)

Lisa
    $200 7
(Fred: What is Ireland?)
...
(Alex: Whenever you see those double "L"s, that's usually a sign of [*].)

Wales

Fred
Triple Stumper
    $200 1
facsimile

Lisa
    $400 3
Taxi

Don
    $400 25
Boss of Bosses

Fred
    $400 21
32

Lisa
    $400 10
osteoporosis

Don
    $400 8
Germany

Lisa
    $400 11
a faculty

Don
    $600 4
the General Lee

Fred
    $1,800 26
Truman

Fred
    $600 22
(Lisa: What is .32?)
(Fred: What is thirty aught six?)
(Don: What is .33?)
...
(Alex: You've often heard, I'm sure, of a [*] Special.)

.38

DonFredLisa
Triple Stumper
    $600 18
(Alex: Yes, I have one of those also, but it was a regular one that one of my kids broke.)

carpal tunnel syndrome

Fred
    $600 15
(Alex: Doesn't it sound Russian? Hence, [*].)

Moscow

Triple Stumper
    $600 12
a faction

Don
    $800 5
FYI

Fred
    $800 27
(Alex: Ahh, a great story. [*].)

Boston

Triple Stumper
    $800 29
39

Lisa
    $800 19
gout

Don
    $800 16
Canada

Triple Stumper
    $800 13
a factoid

Fred
    $1000 6
(Lisa: What is Dallas?)
(Don: What is Falcon Crest?)

Knots Landing

DonLisa
Triple Stumper
    $1000 28
Gambino

Lisa
    $1000 30
36

Don
    $1000 24
cortisone

Don
    $1000 17
(Alex: And that would be William of [*]. Canterbury and [*].)

York

Triple Stumper
    $1000 14
a factotum

Fred

Scores at the first commercial break (after clue 15):

Don Fred Lisa
$800 $3,000 $0

Scores at the end of the Jeopardy! Round:

Don Fred Lisa
$3,000 $5,600 $1,600

Double Jeopardy! Round responses

20th CENTURY ART
MOVIE QUOTES
THE NEW YORK TIMES OBITUARIES
(Alex: We want you to name the author who created each piece of unreal estate in...)
UNREAL ESTATE BROKERS
SOUNDS LIKE A SANDWICH
(Alex: Each response, of course.)
I'LL HAVE A B_L_T
(Alex: Each response will contain those letters in that order.)
    $400 6
the Mona Lisa

Fred
    $400 1
The Godfather

Fred
    $400 16
Indira Gandhi

Fred
    $400 11
(Don: What's Hounds of the Baskervilles?)
...
(Alex: Yes, remember, we want the name of the author who created the unreal estate.)

Arthur Conan Doyle

DonFred
    $400 20
a filly

Fred
    $400 30
biologist

Fred
    $800 7
blue

Fred
    $800 2
(Don: What is Springtime for Hitler?)
...
(Alex: [*]. Yes, "Springtime For Hitler" was one of the songs in that.)

The Producers

DonLisa
    $800 17
Robert E. Lee

Fred
    $800 12
J.R.R. Tolkien

Fred
    $800 22
Hoagy

Fred
    $800 26
brilliant

Don
    $1200 8
Braque

Fred
    $1200 3
Private Benjamin

Fred
    $1200 18
Sadat

Don
    $1200 13
Orwell

Fred
    $1200 23
Fight Club

Lisa
    $5,800 27
ballot & bullet

Don
    $1600 9
(Don: What is architecture?)
(Alex: No. ...It was [*]. He called it sculpto-painting.)

sculpture

Don
Triple Stumper
    $1600 4
Raising Arizona

Fred
    $2,000 19
(Alex: [*], yes, indeed. Words spoken by Helen Keller.)

Anne Sullivan

Don
    $1600 14
Fitzgerald

Lisa
    $1600 24
a gyro

Don
    $1600 28
backlight (backlighting accepted)

Don
    $2000 10
Matisse

Fred
    $2000 5
(Lisa: What is Meatballs?)
(Alex: No. ...You're on the right track, though.)

National Lampoon's Animal House

Lisa
Triple Stumper
    $2000 21
Edna St. Vincent Millay

Lisa
    $2000 15
(Alex: From Main Street--[*].)

Sinclair Lewis

Triple Stumper
    $2000 25
The Count of Monte Cristo

Triple Stumper
    $2000 29
belligerent

Fred

Scores at the end of the Double Jeopardy! Round:

Don Fred Lisa
$13,200 $20,400 $5,200

[wagering suggestions for these scores]

Final Jeopardy! Round responses

AFRICA
(Alex: There was a French one and a Spanish one of this country. I hope you came up with the correct response.)
...
(Alex: The correct response is [*]. French [*], Spanish [*].)
LisaWhat is Kenya?
$0
DonWhat is Algeria?
$2,800
FredWhat is Algeria?
$6,001
Morocco

Final scores:

Don Fred Lisa
$10,400 $14,399 $5,200
2nd place: $2,000 New champion: $14,399 3rd place: $1,000

Game dynamics:

Coryat scores:

Don Fred Lisa
$8,200 $19,200 $5,200
13 R
(including 2 DDs),
5 W
25 R
(including 1 DD),
2 W
11 R,
3 W

Combined Coryat: $32,600

[game clues] [game scores] [suggest correction]

Game tape date: Unknown
The J! Archive is created by fans, for fans. Scraping, republication, monetization, and malicious use prohibited; this site may use cookies and collect identifying information. See terms. The Jeopardy! game show and all elements thereof, including but not limited to copyright and trademark thereto, are the property of Jeopardy Productions, Inc. and are protected under law. This website is not affiliated with, sponsored by, or operated by Jeopardy Productions, Inc. Join the discussion at JBoard.tv.